ATEXT BOOK OF INORGANIC MEDICAL CHEMISTRY (Record no. 30535)
[ view plain ]
| 000 -LEADER | |
|---|---|
| fixed length control field | 00324nam a2200133Ia 4500 |
| 008 - FIXED-LENGTH DATA ELEMENTS--GENERAL INFORMATION | |
| fixed length control field | 170620s9999 xx 000 0 und d |
| 020 ## - INTERNATIONAL STANDARD BOOK NUMBER | |
| International Standard Book Number | 8174763805 |
| 100 ## - MAIN ENTRY--PERSONAL NAME | |
| Personal name | PANDEYA-S.N |
| 245 #0 - TITLE STATEMENT | |
| Title | ATEXT BOOK OF INORGANIC MEDICAL CHEMISTRY |
| 260 ## - PUBLICATION, DISTRIBUTION, ETC. | |
| Name of publisher, distributor, etc. | S.G. |
| 260 ## - PUBLICATION, DISTRIBUTION, ETC. | |
| Date of publication, distribution, etc. | 2004 |
| 300 ## - PHYSICAL DESCRIPTION | |
| Extent | 458 |
| 546 ## - LANGUAGE NOTE | |
| Language note | English |
| 690 ## - LOCAL SUBJECT ADDED ENTRY--TOPICAL TERM (OCLC, RLIN) | |
| Topical term or geographic name as entry element | INORGANIC MEDICAL CHEMISTRY |
| Withdrawn status | Lost status | Source of classification or shelving scheme | Damaged status | Not for loan | Home library | Current library | Date acquired | Source of acquisition | Total Checkouts | Barcode | Date last seen | Price effective from | Koha item type | Date last checked out |
|---|---|---|---|---|---|---|---|---|---|---|---|---|---|---|
| NOIDA College IIMT College of Pharmacy | NOIDA College IIMT College of Pharmacy | 01/12/2014 | 1 | 12-B-31 | 06/26/2017 | 06/26/2017 | Book Bank | |||||||
| NOIDA College IIMT College of Pharmacy | NOIDA College IIMT College of Pharmacy | 01/12/2014 | 1 | 12-B-32 | 06/26/2017 | 06/26/2017 | Book Bank | |||||||
| NOIDA College IIMT College of Pharmacy | NOIDA College IIMT College of Pharmacy | 01/12/2014 | 1 | 3 | 12-B-33 | 07/01/2019 | 06/26/2017 | Book Bank | 07/01/2019 | |||||
| NOIDA College IIMT College of Pharmacy | NOIDA College IIMT College of Pharmacy | 01/12/2014 | 1 | 12-B-34 | 06/26/2017 | 06/26/2017 | Book Bank | |||||||
| NOIDA College IIMT College of Pharmacy | NOIDA College IIMT College of Pharmacy | 01/12/2014 | 1 | 1 | 12-B-35 | 06/19/2019 | 06/26/2017 | Book Bank | 06/19/2019 |

